[Event "Itzehoe op"]
[Site "Itzehoe"]
[Date "2025.05.31"]
[Round "6"]
[White "Hasselgruber, Robert Ferenc"]
[Black "Keyser, Robin"]
[Result "0-1"]
[WhiteElo "1909"]
[BlackElo "2172"]
[PlyCount "60"]
[EventDate "2025.05.29"]
[EventType "swiss"]
[EventRounds "7"]
[EventCountry "GER"]
[SourceTitle "CB23_2025"]
[SourceDate "2025.06.04"]
[SourceVersion "1"]
[SourceVersionDate "2025.06.04"]
[SourceQuality "1"]

1. e4 c6 2. d4 d5 3. exd5 cxd5 4. Bd3 Nc6 5. c3 Nf6 6. Nf3 Bg4 7. Nbd2 e6 8. Qb3 Qc7 9. h3 Bh5 10. 0-0 Bd6 11. Re1 0-0 12. Qc2 Rfc8 13. a3 Rab8 14. g4 Bg6 15. Bxg6 hxg6 16. Ng5 Nxd4 17. Qd3 Nc6 18. Ndf3 e5 19. Qe2 Re8 20. Bd2 e4 21. Nd4 Nxd4 22. cxd4 Qb6 23. Be3 Rbc8 24. Rac1 Bb8 25. Kg2 Qd6 26. Rh1 Rxc1 27. Bxc1 Rc8 28. Be3 Rc4 29. h4 Qd7 30. Kh3 Rc2 0-1

[Event "Itzehoe op"]
[Site "Itzehoe"]
[Date "2025.05.31"]
[Round "5"]
[White "Keyser, Robin"]
[Black "Ploog, Martin"]
[Result "1/2-1/2"]
[WhiteElo "2172"]
[BlackElo "2002"]
[PlyCount "82"]
[EventDate "2025.05.29"]
[EventType "swiss"]
[EventRounds "7"]
[EventCountry "GER"]
[SourceTitle "CB23_2025"]
[SourceDate "2025.06.04"]
[SourceVersion "1"]
[SourceVersionDate "2025.06.04"]
[SourceQuality "1"]

1. e4 g6 2. d4 Bg7 3. Nf3 d6 4. Be2 Nf6 5. Nc3 0-0 6. 0-0 e5 7. dxe5 dxe5 8. Qxd8 Rxd8 9. Nxe5 Nxe4 10. Nxe4 Bxe5 11. c3 Re8 12. Bf3 Nd7 13. Bg5 f5 14. Nd2 Kg7 15. Nc4 h6 16. Be3 Bf6 17. Rfe1 Ne5 18. Nxe5 Rxe5 19. Bd4 Rxe1+ 20. Rxe1 Bxd4 21. cxd4 Kf8 22. Rc1 c6 23. d5 Bd7 24. dxc6 Bxc6 25. Bxc6 Rc8 26. Kf1 bxc6 27. Ke2 Ke7 28. h4 Re8 29. Rd1 Rb8 30. b3 Rb4 31. g3 h5 32. Rd3 a5 33. Kd2 Rb5 34. Re3+ Kd6 35. Re8 Rd5+ 36. Ke3 Re5+ 37. Rxe5 Kxe5 38. f4+ Kd5 39. Kd3 Kc5 40. a3 Kd5 41. Ke3 Kc5 1/2-1/2

[Event "Itzehoe op"]
[Site "Itzehoe"]
[Date "2025.05.30"]
[Round "4"]
[White "Porth, Hartmut"]
[Black "Keyser, Robin"]
[Result "1-0"]
[WhiteElo "1980"]
[BlackElo "2172"]
[PlyCount "93"]
[EventDate "2025.05.29"]
[EventType "swiss"]
[EventRounds "7"]
[EventCountry "GER"]
[SourceTitle "CB23_2025"]
[SourceDate "2025.06.04"]
[SourceVersion "1"]
[SourceVersionDate "2025.06.04"]
[SourceQuality "1"]

1. e4 e6 2. g3 d5 3. Nc3 Nc6 4. Bg2 d4 5. Nce2 d3 6. cxd3 e5 7. d4 Nxd4 8. Nxd4 Qxd4 9. Ne2 Qd3 10. Qb3 Qxb3 11. axb3 Bb4 12. 0-0 Bg4 13. f3 Bc5+ 14. d4 exd4 15. Nf4 Bd7 16. Nd5 d3+ 17. Kh1 Rc8 18. Rd1 c6 19. Nf4 Nf6 20. Rxd3 Rd8 21. e5 Nd5 22. Nxd5 cxd5 23. Rxd5 Bc6 24. Rxd8+ Kxd8 25. Bg5+ Kc7 26. Rc1 Bd4 27. f4 Bxb2 28. Rc2 Ba3 29. Bxc6 bxc6 30. f5 Re8 31. Bf4 Kb7 32. Kg2 g5 33. fxg6 hxg6 34. Rd2 Kc8 35. h4 Bc1 36. Rd6 Bxf4 37. gxf4 Re6 38. Rd4 Kc7 39. Kf3 a5 40. Ra4 Kb6 41. Rd4 Kc5 42. Ra4 Kb6 43. Kg4 f5+ 44. exf6 Rxf6 45. Kg5 Rd6 46. h5 gxh5 47. f5 1-0

[Event "Plzen IM 13th"]
[Site "Plzen"]
[Date "2025.03.19"]
[Round "6"]
[White "Plischki, Sebastian"]
[Black "Keyser, Robin"]
[Result "0-1"]
[WhiteElo "2311"]
[BlackElo "2167"]
[PlyCount "60"]
[EventDate "2025.03.15"]
[EventType "tourn"]
[EventRounds "9"]
[EventCountry "CZE"]
[SourceTitle "CB13_2025"]
[SourceDate "2025.03.26"]
[SourceVersion "1"]
[SourceVersionDate "2025.03.26"]
[SourceQuality "1"]

1. d4 d5 2. c4 e6 3. Nc3 Nf6 4. cxd5 Nxd5 5. e4 Nxc3 6. bxc3 c5 7. Nf3 cxd4 8. cxd4 Bb4+ 9. Bd2 Bxd2+ 10. Qxd2 0-0 11. h4 b6 12. Rd1 Bb7 13. Bd3 h6 14. 0-0 Nd7 15. Rfe1 Rc8 16. Bb1 Re8 17. Re3 Qc7 18. d5 exd5 19. exd5 Rxe3 20. fxe3 Qc5 21. Kh1 Nf6 22. e4 Ng4 23. Re1 Nf2+ 24. Kh2 Ng4+ 25. Kg3 h5 26. Qd4 Qd6+ 27. Kh3 Rc4 28. Qd2 Bc8 29. g3 Ne5+ 30. Kg2 Bh3+ 0-1

[Event "Plzen IM 13th"]
[Site "Plzen"]
[Date "2025.03.18"]
[Round "5"]
[White "Filgueiras, Nathan Felipe"]
[Black "Keyser, Robin"]
[Result "0-1"]
[WhiteElo "2325"]
[BlackElo "2167"]
[PlyCount "44"]
[EventDate "2025.03.15"]
[EventType "tourn"]
[EventRounds "9"]
[EventCountry "CZE"]
[SourceTitle "CB13_2025"]
[SourceDate "2025.03.26"]
[SourceVersion "1"]
[SourceVersionDate "2025.03.26"]
[SourceQuality "1"]

1. e4 c6 2. d4 d5 3. e5 Bf5 4. Be2 e6 5. Nf3 c5 6. Be3 cxd4 7. Nxd4 Ne7 8. h4 h5 9. Bg5 Qb6 10. Bxe7 Bxe7 11. Nxf5 exf5 12. Nc3 d4 13. Bb5+ Kf8 14. Bc4 Qc5 15. Qe2 dxc3 16. 0-0-0 Qb4 17. Bb3 Nc6 18. Rd7 Nd4 19. Qd3 Nxb3+ 20. axb3 cxb2+ 21. Kxb2 Qa3+ 22. Kb1 Rh6 0-1

[Event "Plzen IM 13th"]
[Site "Plzen"]
[Date "2025.03.17"]
[Round "3"]
[White "Vaculik, Jakub"]
[Black "Keyser, Robin"]
[Result "1/2-1/2"]
[WhiteElo "2259"]
[BlackElo "2167"]
[PlyCount "83"]
[EventDate "2025.03.15"]
[EventType "tourn"]
[EventRounds "9"]
[EventCountry "CZE"]
[SourceTitle "CB13_2025"]
[SourceDate "2025.03.26"]
[SourceVersion "1"]
[SourceVersionDate "2025.03.26"]
[SourceQuality "1"]

1. d4 d5 2. Nf3 Nf6 3. c4 e6 4. Bg5 dxc4 5. Qa4+ c6 6. Qxc4 b5 7. Qc2 Bb7 8. Nbd2 Nbd7 9. e3 Qb6 10. a4 a6 11. Be2 Be7 12. 0-0 0-0 13. Rfc1 c5 14. Ne5 Rfd8 15. Bxf6 gxf6 16. Nxd7 Rxd7 17. axb5 cxd4 18. bxa6 Bxa6 19. Bxa6 Rda7 20. Qc6 Bd8 21. exd4 Rxa6 22. Rxa6 Rxa6 23. Qxb6 Bxb6 24. Nf3 Ra4 25. Rd1 Ra2 26. Rb1 Ra4 27. b4 Ra2 28. b5 Kf8 29. Ne1 Bxd4 30. g3 Bxf2+ 31. Kf1 Bxe1 32. Kxe1 Rxh2 33. Rb4 Rc2 34. Kd1 Rc7 35. b6 Rb7 36. Kc2 Ke7 37. Kb3 Kd8 38. Ka4 Kc8 39. Kb5 Rd7 40. Ka6 Rd3 41. Rc4+ Kb8 42. Rc7 1/2-1/2

[Event "Leer op"]
[Site "Leer"]
[Date "2024.11.02"]
[Round "5"]
[White "Keyser, Robin"]
[Black "Hansch, Torsten"]
[Result "1-0"]
[WhiteElo "2219"]
[BlackElo "2057"]
[PlyCount "145"]
[EventDate "2024.10.31"]
[EventType "swiss"]
[EventRounds "7"]
[EventCountry "GER"]
[SourceTitle "CB45_2024"]
[Source "ChessBase"]
[SourceDate "2024.11.06"]
[SourceVersion "1"]
[SourceVersionDate "2024.11.06"]
[SourceQuality "1"]

1. d4 d5 2. c4 e6 3. Nf3 Nf6 4. g3 Bb4+ 5. Bd2 Be7 6. Bg2 0-0 7. 0-0 Nbd7 8. Bc3 c6 9. Nbd2 b6 10. b4 Ba6 11. Qb3 Rc8 12. Rfc1 c5 13. bxc5 bxc5 14. Qa4 Bxc4 15. Nxc4 dxc4 16. Qxa7 Nd5 17. Qa5 Nxc3 18. Qxc3 cxd4 19. Nxd4 Bf6 20. e3 Nb6 21. a4 Bxd4 22. exd4 Nd5 23. Bxd5 Qxd5 24. a5 Rc7 25. a6 Ra8 26. Ra5 Qd7 27. Rca1 h6 28. Rc5 Rxc5 29. dxc5 Qb5 30. Qa5 Qxa5 31. Rxa5 Kf8 32. c6 Ke7 33. Rc5 Kd6 34. Rxc4 Kc7 35. Rb4 Kxc6 36. Rb7 f5 37. Rxg7 Rxa6 38. Rg6 Kd5 39. Rxh6 f4 40. Rf6 fxg3 41. hxg3 Ke5 42. Rf8 Ke4 43. Rf4+ Ke5 44. Kg2 Ra8 45. Kf3 Rb8 46. Rf7 Rg8 47. Ke3 Ra8 48. f4+ Kd6 49. Kf3 Ra3+ 50. Kg4 Ra8 51. Rg7 Rh8 52. Kg5 Ra8 53. g4 Rf8 54. Ra7 Rg8+ 55. Kh4 Rh8+ 56. Kg3 Rh1 57. g5 Rg1+ 58. Kh4 Rf1 59. Rf7 Kd5 60. Kh5 Ke4 61. Kg6 Rg1 62. Kh6 e5 63. fxe5 Kxe5 64. g6 Ke6 65. Kg7 Rg2 66. Rf3 Rg1 67. Rf2 Rg3 68. Kh7 Ke7 69. g7 Rh3+ 70. Kg8 Rg3 71. Re2+ Kd7 72. Re4 Rg1 73. Rh4 1-0

[Event "GER-ch 95th"]
[Site "Ostfildern"]
[Date "2024.08.22"]
[Round "5"]
[White "Knuedel, Torben"]
[Black "Keyser, Robin"]
[Result "1/2-1/2"]
[WhiteElo "2336"]
[BlackElo "2229"]
[PlyCount "113"]
[EventDate "2024.08.19"]
[EventType "swiss"]
[EventRounds "9"]
[EventCountry "GER"]
[SourceTitle "CBM 221 Extra"]
[Source "ChessBase"]
[SourceDate "2024.09.30"]
[SourceVersion "1"]
[SourceVersionDate "2024.09.30"]
[SourceQuality "1"]

1. e4 c6 2. d4 d5 3. f3 g6 4. Nc3 Bg7 5. Be3 Qb6 6. Qd2 Qxb2 7. Rb1 Qa3 8. exd5 Nf6 9. Bc4 b5 10. Bb3 a6 11. Nge2 Bb7 12. Nf4 cxd5 13. Nfxd5 Nxd5 14. Nxd5 Qd6 15. Bf4 Qe6+ 16. Ne3 Qd7 17. c3 Nc6 18. 0-0 0-0 19. Ng4 e5 20. Bh6 Qd6 21. Bxg7 Kxg7 22. Qh6+ Kh8 23. f4 exf4 24. Rxf4 f5 25. Rbf1 Qe7 26. h4 Qg7 27. Qxg7+ Kxg7 28. h5 Rae8 29. h6+ Kh8 30. Nh2 Ne7 31. g4 g5 32. R4f2 Ng6 33. Rxf5 Nf4 34. Rxf8+ Rxf8 35. d5 a5 36. a3 a4 37. Ba2 Ne2+ 38. Kg2 Rxf1 39. Kxf1 Nxc3 40. d6 Bc8 41. Bf7 Ne4 42. Bd5 Nxd6 43. Nf3 Bb7 44. Bxb7 Nxb7 45. Nd4 Nd6 46. Ke2 Kg8 47. Kd3 Nf7 48. Ne6 Nxh6 49. Nxg5 Nxg4 50. Nxh7 Ne5+ 51. Kc3 Nc4 52. Kb4 Nxa3 53. Nf6+ Kf7 54. Ne4 Nc2+ 55. Kxb5 a3 56. Nc3 a2 57. Nxa2 1/2-1/2

[Event "Dortmund Sparkassen op-A 51st"]
[Site "Dortmund"]
[Date "2024.08.14"]
[Round "5"]
[White "Kuegel, Tobias"]
[Black "Keyser, Robin"]
[Result "1-0"]
[WhiteElo "2419"]
[BlackElo "2229"]
[PlyCount "73"]
[EventDate "2024.08.10"]
[EventType "swiss"]
[EventRounds "9"]
[EventCountry "GER"]
[SourceTitle "CBM 221 Extra"]
[Source "ChessBase"]
[SourceDate "2024.09.30"]
[SourceVersion "1"]
[SourceVersionDate "2024.09.30"]
[SourceQuality "1"]

1. c4 Nf6 2. Nc3 e6 3. e4 d5 4. cxd5 exd5 5. e5 d4 6. exf6 dxc3 7. Bb5+ c6 8. Qe2+ Be6 9. Bc4 Qxf6 10. dxc3 Nd7 11. Nf3 h6 12. Nd4 0-0-0 13. Nxe6 fxe6 14. Bxe6 Kb8 15. Bxd7 Rxd7 16. Be3 Bd6 17. Qg4 Rhd8 18. 0-0-0 Qf7 19. Qa4 a6 20. Qb3 Qf5 21. g3 Bc7 22. Rxd7 Rxd7 23. Rd1 Rxd1+ 24. Qxd1 b6 25. Qc2 Qd5 26. Qg6 Kb7 27. Qxg7 Qh1+ 28. Kc2 Qe4+ 29. Kd2 Qd5+ 30. Ke1 Qxa2 31. Bf4 Qb1+ 32. Ke2 Qe4+ 33. Kd2 Qd5+ 34. Ke3 Qc5+ 35. Kf3 Qd5+ 36. Kg4 Qe6+ 37. Kh4 1-0

[Event "Dortmund Sparkassen op-A 51st"]
[Site "Dortmund"]
[Date "2024.08.10"]
[Round "1"]
[White "Goldinov, Daniel"]
[Black "Keyser, Robin"]
[Result "1-0"]
[WhiteElo "1989"]
[BlackElo "2229"]
[PlyCount "83"]
[EventDate "2024.08.10"]
[EventType "swiss"]
[EventRounds "9"]
[EventCountry "GER"]
[SourceTitle "CBM 221 Extra"]
[Source "ChessBase"]
[SourceDate "2024.09.30"]
[SourceVersion "1"]
[SourceVersionDate "2024.09.30"]
[SourceQuality "1"]

1. e4 e6 2. d4 d5 3. Bd3 dxe4 4. Bxe4 Nf6 5. Bf3 c5 6. Ne2 Nc6 7. Be3 e5 8. Bxc6+ bxc6 9. c3 cxd4 10. cxd4 c5 11. dxe5 Qxd1+ 12. Kxd1 Ng4 13. Nec3 Bb7 14. Kc2 0-0-0 15. Nd2 Nxe5 16. Nde4 Nd3 17. Rad1 Ba6 18. a3 f5 19. Ng5 Rd7 20. Ne6 c4 21. Nf4 Bd6 22. Nxd3 cxd3+ 23. Kb1 f4 24. Bd2 Bb7 25. f3 Re8 26. Nb5 Bb8 27. Rc1+ Kd8 28. Ba5+ Ke7 29. Rhe1+ Kf7 30. Rxe8 Kxe8 31. Re1+ Kf7 32. Bd2 Rd5 33. Nc3 Rh5 34. h3 Rg5 35. g4 Bxf3 36. Bxf4 Bxf4 37. Rf1 Bxg4 38. hxg4 Ke6 39. Rxf4 h5 40. Rf7 Kxf7 41. gxh5 Rg1+ 42. Ka2 1-0

[Event "Itzehoe op 3rd"]
[Site "Itzehoe"]
[Date "2024.05.11"]
[Round "5"]
[White "Keyser, Robin"]
[Black "Holinka, Henning"]
[Result "0-1"]
[WhiteElo "2196"]
[BlackElo "2217"]
[PlyCount "78"]
[EventDate "2024.05.09"]
[EventType "swiss"]
[EventRounds "7"]
[EventCountry "GER"]
[SourceTitle "CBM 220 Extra"]
[Source "ChessBase"]
[SourceDate "2024.07.31"]
[SourceVersion "1"]
[SourceVersionDate "2024.07.31"]
[SourceQuality "1"]

1. Nf3 g6 2. g3 Bg7 3. d4 d6 4. Bg2 Nd7 5. c4 e5 6. 0-0 Ne7 7. dxe5 dxe5 8. Qc2 0-0 9. Rd1 Nf5 10. e3 Qe7 11. Nc3 c6 12. b3 Rd8 13. Ne4 Nf6 14. Ba3 Rxd1+ 15. Rxd1 Qe8 16. Nxf6+ Bxf6 17. Nd2 Be7 18. Ne4 Be6 19. Bb2 f6 20. g4 Nh4 21. g5 Nxg2 22. Kxg2 Qf7 23. gxf6 Bxf6 24. f4 Rf8 25. Nxf6+ Qxf6 26. Qe4 Bg4 27. Rf1 Qe6 28. Kh1 Bh3 29. f5 Bxf5 30. Qxe5 Be4+ 31. Kg1 Qg4+ 32. Qg3 Rxf1+ 33. Kxf1 Qd1+ 34. Kf2 Qd2+ 35. Kg1 Qd1+ 36. Kf2 Qc2+ 37. Kf1 Bd3+ 38. Kg1 Qd1+ 39. Kg2 Qf1# 0-1

[Event "Itzehoe op 3rd"]
[Site "Itzehoe"]
[Date "2024.05.10"]
[Round "4"]
[White "Wendt, Felix1"]
[Black "Keyser, Robin"]
[Result "0-1"]
[WhiteElo "1766"]
[BlackElo "2196"]
[PlyCount "62"]
[EventDate "2024.05.09"]
[EventType "swiss"]
[EventRounds "7"]
[EventCountry "GER"]
[SourceTitle "CBM 220 Extra"]
[Source "ChessBase"]
[SourceDate "2024.07.31"]
[SourceVersion "1"]
[SourceVersionDate "2024.07.31"]
[SourceQuality "1"]

1. e4 g6 2. d4 Bg7 3. Nc3 a6 4. f4 d5 5. exd5 Nf6 6. Nf3 0-0 7. Be2 Nxd5 8. Nxd5 Qxd5 9. c4 Qd6 10. 0-0 c5 11. Be3 cxd4 12. Bxd4 Qxf4 13. Ne5 Qg5 14. Nf3 Bxd4+ 15. Qxd4 Nc6 16. Qb6 Qa5 17. Qxa5 Nxa5 18. b4 Nc6 19. b5 Nb8 20. a4 Nd7 21. Ng5 Nc5 22. Rfd1 axb5 23. cxb5 Rxa4 24. Rxa4 Nxa4 25. Bc4 Nb6 26. Bxf7+ Rxf7 27. Nxf7 Kxf7 28. Rd8 Bd7 29. Kf2 Bxb5 30. Rd1 Bc6 31. g3 e5 0-1

[Event "Hamburg HSK Easter op"]
[Site "Hamburg"]
[Date "2024.03.29"]
[Round "1"]
[White "Keyser, Robin"]
[Black "Yasar, Hamit"]
[Result "1-0"]
[WhiteElo "2153"]
[BlackElo "1761"]
[PlyCount "97"]
[EventDate "2024.03.29"]
[EventType "swiss"]
[EventRounds "7"]
[EventCountry "GER"]
[SourceTitle "CBM 219 Extra"]
[Source "ChessBase"]
[SourceDate "2024.05.31"]
[SourceVersion "1"]
[SourceVersionDate "2024.05.31"]
[SourceQuality "1"]

1. d4 Nf6 2. Nf3 g6 3. c4 Bg7 4. g3 e6 5. Bg2 d5 6. 0-0 0-0 7. Qc2 c6 8. Rd1 Nbd7 9. Nbd2 Re8 10. e4 dxe4 11. Nxe4 Nxe4 12. Qxe4 Nf6 13. Qc2 Qc7 14. Bf4 Qb6 15. Be5 Ng4 16. Bxg7 Kxg7 17. Ne5 Nh6 18. Qc3 f6 19. Nf3 Nf7 20. Re1 c5 21. dxc5 Qxc5 22. Rad1 e5 23. b4 Qc7 24. c5 Bg4 25. h3 Be6 26. a4 Rad8 27. b5 Rd5 28. Rxd5 Bxd5 29. h4 Rc8 30. Rc1 Qe7 31. Nd2 Bxg2 32. Kxg2 Qd7 33. Kg1 Nd8 34. Nb3 Ne6 35. Qf3 b6 36. c6 Qc7 37. Qd5 Kf7 38. a5 Rd8 39. Qc4 Ke7 40. axb6 axb6 41. Ra1 Nd4 42. Nxd4 Rxd4 43. Qg8 Kd6 44. Qf8+ Kd5 45. Qxf6 Kc4 46. Rb1 Rd6 47. Qf3 Rd3 48. Rb4+ Kxb4 49. Qxd3 1-0

[Event "Oberliga Nord N 2324"]
[Site "Germany"]
[Date "2024.03.17"]
[Round "7.4"]
[White "Sehner, Norbert"]
[Black "Keyser, Robin"]
[Result "1/2-1/2"]
[WhiteElo "2312"]
[BlackElo "2149"]
[PlyCount "110"]
[EventDate "2023.10.22"]
[EventType "team-tourn"]
[EventRounds "9"]
[EventCountry "GER"]
[SourceTitle "EXT 2025"]
[Source "ChessBase"]
[SourceDate "2024.10.14"]
[SourceVersion "1"]
[SourceVersionDate "2024.10.14"]
[SourceQuality "1"]
[WhiteTeam "Hamburger SK III"]
[BlackTeam "Johanneum Eppendorf"]
[WhiteTeamCountry "GER"]
[BlackTeamCountry "GER"]

1. c4 e6 2. g3 d5 3. Nf3 Nf6 4. Bg2 dxc4 5. Qa4+ Nbd7 6. Qxc4 a6 7. Qc2 c5 8. 0-0 Be7 9. b3 0-0 10. Bb2 Qc7 11. d4 b6 12. dxc5 Bb7 13. Nbd2 Bxc5 14. Rac1 Rac8 15. Qb1 Qb8 16. b4 Be7 17. a3 Rxc1 18. Rxc1 Rc8 19. Rxc8+ Qxc8 20. Qd3 h6 21. Ne5 Nxe5 22. Bxe5 Qc1+ 23. Nf1 Bxg2 24. Kxg2 Qc6+ 25. f3 Nd7 26. Bb2 b5 27. Qc3 Qxc3 28. Bxc3 Bf6 29. Bxf6 Nxf6 30. e4 Nd7 31. Nd2 Kf8 32. Kf2 Ke7 33. f4 f6 34. Ke3 e5 35. f5 Nb6 36. Kd3 Kd6 37. g4 Kc6 38. h4 Kd6 39. Kc3 Na4+ 40. Kc2 Nb6 41. Kd3 Ke7 42. Nf3 Nc4 43. Kc3 Nb6 44. g5 hxg5 45. hxg5 Na4+ 46. Kb3 Nb6 47. g6 Nc4 48. a4 Kd7 49. a5 Ke7 50. Kc3 Nd6 51. Nd2 Ne8 52. Nb3 Nc7 53. Nc5 Kd6 54. Kd3 Ke7 55. Ke3 Kd6 1/2-1/2

[Event "Oberliga Nord N 2324"]
[Site "Germany"]
[Date "2023.11.19"]
[Round "2.3"]
[White "Kneip, Jakob"]
[Black "Keyser, Robin"]
[Result "1-0"]
[WhiteElo "2144"]
[BlackElo "2143"]
[PlyCount "55"]
[EventDate "2023.10.22"]
[EventType "team-tourn"]
[EventRounds "9"]
[EventCountry "GER"]
[SourceTitle "EXT 2025"]
[Source "ChessBase"]
[SourceDate "2024.10.14"]
[SourceVersion "1"]
[SourceVersionDate "2024.10.14"]
[SourceQuality "1"]
[WhiteTeam "Fischbek"]
[BlackTeam "Johanneum Eppendorf"]
[WhiteTeamCountry "GER"]
[BlackTeamCountry "GER"]

1. e4 e6 2. d4 d5 3. e5 c5 4. c3 Nc6 5. Nf3 Bd7 6. Be2 Nge7 7. Na3 cxd4 8. cxd4 Nf5 9. Nc2 Be7 10. 0-0 Qb6 11. g4 Nh4 12. Nxh4 Bxh4 13. f4 Be7 14. Kh1 0-0-0 15. b4 Kb8 16. Rf3 Rc8 17. Rb3 f6 18. Qd3 g5 19. a4 gxf4 20. Bxf4 fxe5 21. a5 Qc7 22. b5 exf4 23. b6 axb6 24. axb6 Qd8 25. Qb5 Nb4 26. Qa5 Na6 27. Bxa6 Ba3 28. Bd3 1-0

[Event "Oberliga Nord N 2223"]
[Site "Germany"]
[Date "2023.03.19"]
[Round "7.3"]
[White "Holinka, Henning"]
[Black "Keyser, Robin"]
[Result "1-0"]
[WhiteElo "2249"]
[BlackElo "2138"]
[PlyCount "61"]
[EventDate "2022.10.23"]
[EventType "team-tourn"]
[EventRounds "9"]
[EventCountry "GER"]
[SourceTitle "EXT 2025"]
[Source "ChessBase"]
[SourceDate "2024.10.14"]
[SourceVersion "1"]
[SourceVersionDate "2024.10.14"]
[SourceQuality "1"]
[WhiteTeam "Hamburger SK III"]
[BlackTeam "Johanneum Eppendorf"]
[WhiteTeamCountry "GER"]
[BlackTeamCountry "GER"]

1. e4 e6 2. d4 d5 3. e5 c5 4. c3 Nc6 5. Nf3 Bd7 6. Bd3 Rc8 7. 0-0 cxd4 8. Re1 dxc3 9. bxc3 Bc5 10. Na3 a6 11. c4 Qa5 12. cxd5 exd5 13. Nc2 Nge7 14. Ng5 Bf5 15. e6 f6 16. Nf7 Bxd3 17. Qxd3 0-0 18. Rb1 Ne5 19. Nxe5 fxe5 20. Be3 Bxe3 21. Nxe3 d4 22. Ng4 Qxa2 23. Rxb7 h5 24. Nh6+ Kh8 25. Nf7+ Rxf7 26. exf7 Qxf7 27. Qa3 Rf8 28. f3 Re8 29. Rxe5 d3 30. Rbxe7 Rxe7 31. Qxe7 1-0